Bumble Bee and blockchain /

This paper presents a case study that examines Bumble Bee's decision on whether to implement a blockchain solution for tuna sourcing from individual fishers across thousands of islands in Indonesia. Sustainable fishing and ethical sourcing are key considerations in the fishing industry. Having...

Full description

Bibliographic Details
Main Authors: Lin, Yen-Ting (Author), Pyke, D. F. (David F.) (Author), Clarke, Richard, active 2021 (Author), Corporandy, Aubree (Author)
Format: eBook
Language:English
Published: London : NeilsonJournals Publishing, 2021.
Series:SAGE Business Cases.
Subjects:
Online Access:Connect to the full text of this electronic book

MARC

Tag First Indicator Second Indicator Subfields
LEADER 00000cam a2200000Mi 4500
001 in00005497721
006 m o d
007 cr un|||||||||
008 221221s2021 enka fob 000 0 eng d
005 20240923171833.4
035 |a (OCoLC)on1355859744 
040 |a SGPBL  |b eng  |e rda  |e pn  |c SGPBL  |d OCLCF  |d OCLCO 
020 |a 9781529610901  |q (ebook) 
020 |a 1529610907 
035 |a (OCoLC)1355859744 
050 4 |a SH329.S87  |b L56 2021 
082 0 4 |a 333.956  |2 23 
049 |a TXAM 
100 1 |a Lin, Yen-Ting,  |e author. 
245 1 0 |a Bumble Bee and blockchain /  |c Yen-Ting Lin, David Pyke, Richard Clarke, Aubree Corporandy. 
264 1 |a London :  |b NeilsonJournals Publishing,  |c 2021. 
300 |a 1 online resource :  |b illustrations. 
336 |a text  |b txt  |2 rdacontent 
337 |a computer  |b c  |2 rdamedia 
338 |a online resource  |b cr  |2 rdacarrier 
490 1 |a SAGE Business Cases 
520 8 |a This paper presents a case study that examines Bumble Bee's decision on whether to implement a blockchain solution for tuna sourcing from individual fishers across thousands of islands in Indonesia. Sustainable fishing and ethical sourcing are key considerations in the fishing industry. Having a credible system for ensuring the fish are indeed sustainably sourced is crucial, and blockchain technology holds the promise of providing just that. The case presents students with some of the pros and cons of implementing a blockchain solution, and the class discussion allows them to support their decision. The paper includes a teaching note for instructors that provides a guide to leading the discussion, as well as substantial information about Bumble Bee's decision. Finally, it outlines new issues that Bumble Bee faced after the initial decision on blockchain. The discussion can lead to a framework for companies that are considering blockchain solutions for their supply chain challenges. 
588 |a Description based on XML content. 
504 |a Includes bibliographical references. 
610 2 0 |a Bumble Bee Seafoods, Inc.  |v Case studies. 
610 2 7 |a Bumble Bee Seafoods, Inc.  |2 fast 
650 0 |a Blockchains (Databases)  |v Case studies. 
650 0 |a Sustainable fisheries  |x Technological innovations  |v Case studies. 
650 6 |a Chaînes de blocs  |v Études de cas. 
650 7 |a Blockchains (Databases)  |2 fast 
655 7 |a Electronic books.  |2 local 
655 7 |a Case studies  |2 fast 
700 1 |a Pyke, D. F.  |q (David F.),  |e author. 
700 1 |a Clarke, Richard,  |d active 2021,  |e author. 
700 1 |a Corporandy, Aubree,  |e author. 
830 0 |a SAGE Business Cases. 
856 4 0 |u http://proxy.library.tamu.edu/login?url=https://sk.sagepub.com/cases/bumble-bee-and-blockchain  |z Connect to the full text of this electronic book  |t 0 
955 |a SAGE eBooks 
955 |a SAGE Business Cases 2023 Annual Collection 
994 |a 92  |b TXA 
999 f f |s d882a359-a72a-42ae-bdc5-dfec93ef7ade  |i 79269564-29ca-417d-b89f-bcb198c1a320  |t 0 
952 f f |a Texas A&M University  |b College Station  |c Electronic Resources  |d Available Online  |t 0  |e SH329.S87 L56 2021  |h Library of Congress classification 
998 f f |a SH329.S87 L56 2021  |t 0  |l Available Online